00900nam a22001697a 4500003000900000008004100009040007100050082001700121110001000138245007800148260005300226300002000279505037900299650002200678650001400700650001600714AR-CdUCM191108b ||||| |||| 00| 0 spa d aMUNICIPALIDAD PROVINCIAL DEL CUSCOcBIBLIOTECA MUNICIPAL DEL CUSCO a272.8 /bC54 aCHELA aCuadernos para la historia d la evangelización en America Latina 1987 / aCusco :bCentro Bartolomé de Las Casas,c1988. a242 páginas ; aContenido : Manuales de confesión americanos: Practicas y costumbres amorosas de los indígenas, siglos XVII Y XVIII -- Sínodos diocesanos del Cusco 1591 y 1601-- El carisma de Domingo Guzmán y la evangelización de América en siglo XVI -- Fuentes para la demografía histórica de las parroquias andinas: un sondeo a las valles de la Paz (siglos XVII - XIX) ... aEvangelización  aIdolatria aDomínicos